01376nam a2200229 a 4500008004100000020001800041050001900059100002200078245005400100260003600154300001600190350000900206490002000215650001200235995015200247995015200399995015200551999001700703952015000720952013800870952013801008130409s2012 ||||||||||||||||| || u a9781444159431 aHF 5438.25 Har aHarvey, Christine10aSuccessful selling in a weekcby Christine Harvey aLondon:bHodder Educationc2012 a121p.: ill. a8.99 aTeach yourself  0aSELLING aMAIN LIBRARY OPEN ACCESSe744432FCBU-MAIN LIBRARY (Kitwe)jHF 5438.25 HarM3UAVAILABLEWSep 12, 2013y744432ZMain Library Open Access Collection aMAIN LIBRARY OPEN ACCESSe743685FCBU-MAIN LIBRARY (Kitwe)jHF 5438.25 HarM1UAVAILABLEWJun 17, 2013y743685ZMain Library Open Access Collection aMAIN LIBRARY OPEN ACCESSe743686FCBU-MAIN LIBRARY (Kitwe)jHF 5438.25 HarM2UAVAILABLEWJun 17, 2013y743686ZMain Library Open Access Collection c80810d80810 00102lcc4070a001b001cMain Library Open Access Collectiond2023-07-11l1oHF 5438.25 Harp744432r2025-05-23s2025-04-29t1w2023-07-11y002 00102lcc4070a001b001cMain Library Open Access Collectiond2023-07-11l0oHF 5438.25 Harp743685r2023-07-11t2w2023-07-11y002 00102lcc4070a001b001cMain Library Open Access Collectiond2023-07-11l0oHF 5438.25 Harp743686r2023-07-11t3w2023-07-11y002